<?xml version="1.0" encoding="UTF-8"?>
<record
    xmlns:xsi="http://www.w3.org/2001/XMLSchema-instance"
    xsi:schemaLocation="http://www.loc.gov/MARC21/slim http://www.loc.gov/standards/marcxml/schema/MARC21slim.xsd"
    xmlns="http://www.loc.gov/MARC21/slim">

  <leader>01129nam a2200277Ia 4500</leader>
  <controlfield tag="005">20220317001948.0</controlfield>
  <controlfield tag="008">200115s2019    ck            000 0 spa d</controlfield>
  <datafield tag="020" ind1=" " ind2=" ">
    <subfield code="a">9789588421810</subfield>
  </datafield>
  <datafield tag="040" ind1=" " ind2=" ">
    <subfield code="a">CO-BoRNBP</subfield>
    <subfield code="b">spa</subfield>
    <subfield code="e">rda</subfield>
    <subfield code="c">CO-BoRNBP</subfield>
  </datafield>
  <datafield tag="041" ind1="0" ind2=" ">
    <subfield code="a">spa</subfield>
  </datafield>
  <datafield tag="082" ind1="0" ind2="4">
    <subfield code="a">006.696 </subfield>
    <subfield code="2">23</subfield>
    <subfield code="b">V84</subfield>
  </datafield>
  <datafield tag="110" ind1="1" ind2=" ">
    <subfield code="a">Coder Kids</subfield>
    <subfield code="9">132001</subfield>
  </datafield>
  <datafield tag="245" ind1="1" ind2="0">
    <subfield code="a">Programa como un genio </subfield>
    <subfield code="b">crea tus propias animaciones con Scratch </subfield>
    <subfield code="c">textos de Coder Kids ; ilustraciones y dise&#xF1;os gr&#xE1;ficos de Valentina Figus</subfield>
  </datafield>
  <datafield tag="250" ind1=" " ind2=" ">
    <subfield code="a">Edici&#xF3;n especial</subfield>
  </datafield>
  <datafield tag="264" ind1=" " ind2="1">
    <subfield code="a">Bogot&#xE1; </subfield>
    <subfield code="b">Vicens Vives</subfield>
    <subfield code="c">2019</subfield>
  </datafield>
  <datafield tag="300" ind1=" " ind2=" ">
    <subfield code="a">127 p&#xE1;ginas </subfield>
    <subfield code="b">ilustraciones en color </subfield>
    <subfield code="c"> 23 cm.</subfield>
  </datafield>
  <datafield tag="336" ind1=" " ind2=" ">
    <subfield code="2">rdacontent</subfield>
    <subfield code="a">texto</subfield>
    <subfield code="b">txt</subfield>
  </datafield>
  <datafield tag="337" ind1=" " ind2=" ">
    <subfield code="2">rdamedia</subfield>
    <subfield code="a">sin mediaci&#xF3;n</subfield>
    <subfield code="b">n</subfield>
  </datafield>
  <datafield tag="338" ind1=" " ind2=" ">
    <subfield code="2">rdacarrier</subfield>
    <subfield code="a">volumen</subfield>
    <subfield code="b">nc</subfield>
  </datafield>
  <datafield tag="490" ind1="0" ind2=" ">
    <subfield code="a">Plan Nacional de Lectura y Escritura Leer es mi Cuento / Ministerio de Cultura</subfield>
  </datafield>
  <datafield tag="650" ind1="1" ind2="7">
    <subfield code="a">Animaci&#xF3;n por computador  </subfield>
    <subfield code="2">LEMB</subfield>
    <subfield code="x">Literatura juvenil </subfield>
  </datafield>
  <datafield tag="650" ind1="1" ind2="7">
    <subfield code="a">Programacion visual (computadores)  </subfield>
    <subfield code="2">LEMB</subfield>
    <subfield code="x">Literatura juvenil </subfield>
  </datafield>
  <datafield tag="650" ind1="1" ind2="7">
    <subfield code="a">Scrath 2.0 (programa de computadores) </subfield>
    <subfield code="2">LEMB</subfield>
    <subfield code="x">Literatura juvenil </subfield>
  </datafield>
  <datafield tag="700" ind1="1" ind2=" ">
    <subfield code="a">Figus, Valentina</subfield>
    <subfield code="e">autor </subfield>
    <subfield code="9">132005</subfield>
  </datafield>
  <datafield tag="942" ind1=" " ind2=" ">
    <subfield code="2">ddc</subfield>
    <subfield code="c">BK</subfield>
  </datafield>
  <datafield tag="999" ind1=" " ind2=" ">
    <subfield code="c">8717</subfield>
    <subfield code="d">8717</subfield>
  </datafield>
  <datafield tag="952" ind1=" " ind2=" ">
    <subfield code="0">0</subfield>
    <subfield code="1">0</subfield>
    <subfield code="2">ddc</subfield>
    <subfield code="4">0</subfield>
    <subfield code="7">0</subfield>
    <subfield code="8">INF</subfield>
    <subfield code="a">MEGRANAD</subfield>
    <subfield code="b">MEGRANAD</subfield>
    <subfield code="c">GEN</subfield>
    <subfield code="d">2022-11-08</subfield>
    <subfield code="l">0</subfield>
    <subfield code="o">006.696</subfield>
    <subfield code="p">GRA13271</subfield>
    <subfield code="r">2022-11-08 00:00:00</subfield>
    <subfield code="t">Ej.1</subfield>
    <subfield code="w">2022-11-08</subfield>
    <subfield code="y">BK</subfield>
  </datafield>
  <datafield tag="952" ind1=" " ind2=" ">
    <subfield code="0">0</subfield>
    <subfield code="1">0</subfield>
    <subfield code="2">ddc</subfield>
    <subfield code="4">0</subfield>
    <subfield code="7">0</subfield>
    <subfield code="8">GEN</subfield>
    <subfield code="a">MEDORADO</subfield>
    <subfield code="b">MEDORADO</subfield>
    <subfield code="c">GEN</subfield>
    <subfield code="d">2023-01-30</subfield>
    <subfield code="l">0</subfield>
    <subfield code="o">006.696 V84v</subfield>
    <subfield code="p">DOR01091</subfield>
    <subfield code="r">2023-01-30 00:00:00</subfield>
    <subfield code="t">Ej.1</subfield>
    <subfield code="w">2023-01-30</subfield>
    <subfield code="y">BK</subfield>
  </datafield>
  <datafield tag="952" ind1=" " ind2=" ">
    <subfield code="0">0</subfield>
    <subfield code="1">0</subfield>
    <subfield code="2">ddc</subfield>
    <subfield code="4">0</subfield>
    <subfield code="7">0</subfield>
    <subfield code="8">GEN</subfield>
    <subfield code="a">MEPLLERAS</subfield>
    <subfield code="b">MEPLLERAS</subfield>
    <subfield code="c">GEN</subfield>
    <subfield code="d">2023-02-08</subfield>
    <subfield code="l">0</subfield>
    <subfield code="o">006.696 V84v</subfield>
    <subfield code="p">PLL00014</subfield>
    <subfield code="r">2023-02-08 00:00:00</subfield>
    <subfield code="t">Ej.1</subfield>
    <subfield code="w">2023-02-08</subfield>
    <subfield code="y">BK</subfield>
  </datafield>
  <datafield tag="952" ind1=" " ind2=" ">
    <subfield code="0">0</subfield>
    <subfield code="1">0</subfield>
    <subfield code="2">ddc</subfield>
    <subfield code="4">0</subfield>
    <subfield code="7">0</subfield>
    <subfield code="8">GEN</subfield>
    <subfield code="a">MESMARTI</subfield>
    <subfield code="b">MESMARTI</subfield>
    <subfield code="c">GEN</subfield>
    <subfield code="d">2023-03-04</subfield>
    <subfield code="l">0</subfield>
    <subfield code="o">006.696 V84v</subfield>
    <subfield code="p">SM00011</subfield>
    <subfield code="r">2023-03-04 00:00:00</subfield>
    <subfield code="t">Ej.1</subfield>
    <subfield code="w">2023-03-04</subfield>
    <subfield code="y">BK</subfield>
  </datafield>
  <datafield tag="952" ind1=" " ind2=" ">
    <subfield code="0">0</subfield>
    <subfield code="1">0</subfield>
    <subfield code="2">ddc</subfield>
    <subfield code="4">0</subfield>
    <subfield code="7">0</subfield>
    <subfield code="8">GEN</subfield>
    <subfield code="a">MEGUAMAL</subfield>
    <subfield code="b">MEGUAMAL</subfield>
    <subfield code="c">GEN</subfield>
    <subfield code="d">2023-03-06</subfield>
    <subfield code="l">0</subfield>
    <subfield code="o">006.696  V84v</subfield>
    <subfield code="p">GUA001947</subfield>
    <subfield code="r">2023-03-06 00:00:00</subfield>
    <subfield code="t">Ej.1</subfield>
    <subfield code="w">2023-03-06</subfield>
    <subfield code="y">BK</subfield>
  </datafield>
  <datafield tag="952" ind1=" " ind2=" ">
    <subfield code="0">0</subfield>
    <subfield code="1">0</subfield>
    <subfield code="2">ddc</subfield>
    <subfield code="4">0</subfield>
    <subfield code="7">0</subfield>
    <subfield code="8">GEN</subfield>
    <subfield code="a">MEACACIA</subfield>
    <subfield code="b">MEACACIA</subfield>
    <subfield code="c">GEN</subfield>
    <subfield code="d">2023-03-09</subfield>
    <subfield code="o">006.696 V84v</subfield>
    <subfield code="p">ACA01015</subfield>
    <subfield code="r">2023-03-09 00:00:00</subfield>
    <subfield code="t">Ej.1</subfield>
    <subfield code="w">2023-03-09</subfield>
    <subfield code="y">BK</subfield>
  </datafield>
  <datafield tag="952" ind1=" " ind2=" ">
    <subfield code="0">0</subfield>
    <subfield code="1">0</subfield>
    <subfield code="2">ddc</subfield>
    <subfield code="4">0</subfield>
    <subfield code="7">0</subfield>
    <subfield code="8">GEN</subfield>
    <subfield code="a">MEMESETA</subfield>
    <subfield code="b">MEMESETA</subfield>
    <subfield code="d">2023-03-15</subfield>
    <subfield code="l">0</subfield>
    <subfield code="o">006,696/V84V</subfield>
    <subfield code="p">ME00028</subfield>
    <subfield code="r">2023-03-15 00:00:00</subfield>
    <subfield code="t">Ej.1</subfield>
    <subfield code="w">2023-03-15</subfield>
    <subfield code="y">BK</subfield>
  </datafield>
  <datafield tag="952" ind1=" " ind2=" ">
    <subfield code="0">0</subfield>
    <subfield code="1">0</subfield>
    <subfield code="2">ddc</subfield>
    <subfield code="4">0</subfield>
    <subfield code="7">0</subfield>
    <subfield code="8">GEN</subfield>
    <subfield code="a">MEMAPIRI</subfield>
    <subfield code="b">MEMAPIRI</subfield>
    <subfield code="c">GEN</subfield>
    <subfield code="d">2023-03-16</subfield>
    <subfield code="l">0</subfield>
    <subfield code="o">006.696</subfield>
    <subfield code="p">MAP000017</subfield>
    <subfield code="r">2023-03-16 00:00:00</subfield>
    <subfield code="t">Ej.1</subfield>
    <subfield code="w">2023-03-16</subfield>
    <subfield code="y">BK</subfield>
  </datafield>
  <datafield tag="952" ind1=" " ind2=" ">
    <subfield code="0">0</subfield>
    <subfield code="1">0</subfield>
    <subfield code="2">ddc</subfield>
    <subfield code="4">0</subfield>
    <subfield code="7">0</subfield>
    <subfield code="8">GEN</subfield>
    <subfield code="a">MECASTIL</subfield>
    <subfield code="b">MECASTIL</subfield>
    <subfield code="c">GEN</subfield>
    <subfield code="d">2023-04-04</subfield>
    <subfield code="l">0</subfield>
    <subfield code="o">006.696 V84v</subfield>
    <subfield code="p">EC00044</subfield>
    <subfield code="r">2023-04-04 00:00:00</subfield>
    <subfield code="t">Ej.1</subfield>
    <subfield code="w">2023-04-04</subfield>
    <subfield code="y">BK</subfield>
  </datafield>
  <datafield tag="952" ind1=" " ind2=" ">
    <subfield code="0">0</subfield>
    <subfield code="1">0</subfield>
    <subfield code="2">ddc</subfield>
    <subfield code="4">0</subfield>
    <subfield code="7">0</subfield>
    <subfield code="8">GEN</subfield>
    <subfield code="a">MEFTEORO</subfield>
    <subfield code="b">MEFTEORO</subfield>
    <subfield code="c">GEN</subfield>
    <subfield code="d">2023-04-20</subfield>
    <subfield code="l">0</subfield>
    <subfield code="o">006.696  V84v</subfield>
    <subfield code="p">Fo00014</subfield>
    <subfield code="r">2023-04-20 00:00:00</subfield>
    <subfield code="t">Ej.1</subfield>
    <subfield code="w">2023-04-20</subfield>
    <subfield code="y">BK</subfield>
  </datafield>
  <datafield tag="952" ind1=" " ind2=" ">
    <subfield code="0">0</subfield>
    <subfield code="1">0</subfield>
    <subfield code="2">ddc</subfield>
    <subfield code="4">0</subfield>
    <subfield code="7">0</subfield>
    <subfield code="8">GEN</subfield>
    <subfield code="a">MELEJANI</subfield>
    <subfield code="b">MELEJANI</subfield>
    <subfield code="c">GEN</subfield>
    <subfield code="d">2023-06-01</subfield>
    <subfield code="l">0</subfield>
    <subfield code="o">006.696 V84v</subfield>
    <subfield code="p">LEJ00026</subfield>
    <subfield code="r">2023-06-01 00:00:00</subfield>
    <subfield code="t">Ej.1</subfield>
    <subfield code="w">2023-06-01</subfield>
    <subfield code="y">BK</subfield>
  </datafield>
  <datafield tag="952" ind1=" " ind2=" ">
    <subfield code="0">0</subfield>
    <subfield code="1">0</subfield>
    <subfield code="2">ddc</subfield>
    <subfield code="4">0</subfield>
    <subfield code="7">0</subfield>
    <subfield code="8">GEN</subfield>
    <subfield code="a">MESARAMA</subfield>
    <subfield code="b">MESARAMA</subfield>
    <subfield code="c">GEN</subfield>
    <subfield code="d">2023-06-05</subfield>
    <subfield code="l">0</subfield>
    <subfield code="o">006.696 V84v</subfield>
    <subfield code="p">SJA00136</subfield>
    <subfield code="r">2023-06-05 00:00:00</subfield>
    <subfield code="t">Ej.1</subfield>
    <subfield code="w">2023-06-05</subfield>
    <subfield code="y">BK</subfield>
  </datafield>
  <datafield tag="952" ind1=" " ind2=" ">
    <subfield code="0">0</subfield>
    <subfield code="1">0</subfield>
    <subfield code="2">ddc</subfield>
    <subfield code="4">0</subfield>
    <subfield code="7">0</subfield>
    <subfield code="8">GEN</subfield>
    <subfield code="a">MEMACARE</subfield>
    <subfield code="b">MEMACARE</subfield>
    <subfield code="c">GEN</subfield>
    <subfield code="d">2023-06-07</subfield>
    <subfield code="l">0</subfield>
    <subfield code="o">006.696 V84v</subfield>
    <subfield code="p">LM00006</subfield>
    <subfield code="r">2023-06-07 00:00:00</subfield>
    <subfield code="t">Ej.1</subfield>
    <subfield code="w">2023-06-07</subfield>
    <subfield code="y">BK</subfield>
  </datafield>
  <datafield tag="952" ind1=" " ind2=" ">
    <subfield code="0">0</subfield>
    <subfield code="1">0</subfield>
    <subfield code="2">ddc</subfield>
    <subfield code="4">0</subfield>
    <subfield code="7">0</subfield>
    <subfield code="8">GEN</subfield>
    <subfield code="a">MEMACARE</subfield>
    <subfield code="b">MEMACARE</subfield>
    <subfield code="c">GEN</subfield>
    <subfield code="d">2023-06-07</subfield>
    <subfield code="l">0</subfield>
    <subfield code="o">027.4209861 R13e</subfield>
    <subfield code="p">LM00007</subfield>
    <subfield code="r">2023-06-07 00:00:00</subfield>
    <subfield code="t">Ej.1</subfield>
    <subfield code="w">2023-06-07</subfield>
    <subfield code="y">BK</subfield>
  </datafield>
  <datafield tag="952" ind1=" " ind2=" ">
    <subfield code="0">0</subfield>
    <subfield code="1">0</subfield>
    <subfield code="2">ddc</subfield>
    <subfield code="4">0</subfield>
    <subfield code="7">0</subfield>
    <subfield code="8">GEN</subfield>
    <subfield code="a">MECUBARR</subfield>
    <subfield code="b">MECUBARR</subfield>
    <subfield code="c">GEN</subfield>
    <subfield code="d">2023-08-03</subfield>
    <subfield code="l">0</subfield>
    <subfield code="o">006.696 V84v</subfield>
    <subfield code="p">CUB01982</subfield>
    <subfield code="r">2023-08-03 14:23:26</subfield>
    <subfield code="t">Ej.1</subfield>
    <subfield code="w">2023-08-03</subfield>
    <subfield code="y">BK</subfield>
  </datafield>
  <datafield tag="952" ind1=" " ind2=" ">
    <subfield code="0">0</subfield>
    <subfield code="1">0</subfield>
    <subfield code="2">ddc</subfield>
    <subfield code="4">0</subfield>
    <subfield code="7">0</subfield>
    <subfield code="8">GEN</subfield>
    <subfield code="a">MEGRANAD</subfield>
    <subfield code="b">MEGRANAD</subfield>
    <subfield code="c">GEN</subfield>
    <subfield code="d">2023-08-25</subfield>
    <subfield code="l">0</subfield>
    <subfield code="o">006.696 V84v</subfield>
    <subfield code="p">GRA00006</subfield>
    <subfield code="r">2023-08-25 14:09:27</subfield>
    <subfield code="t">Ej.1</subfield>
    <subfield code="w">2023-08-25</subfield>
    <subfield code="y">BKLIT</subfield>
  </datafield>
  <datafield tag="952" ind1=" " ind2=" ">
    <subfield code="0">0</subfield>
    <subfield code="1">0</subfield>
    <subfield code="2">ddc</subfield>
    <subfield code="4">0</subfield>
    <subfield code="7">0</subfield>
    <subfield code="8">GEN</subfield>
    <subfield code="a">MEBAUPIA</subfield>
    <subfield code="b">MEBAUPIA</subfield>
    <subfield code="c">GEN</subfield>
    <subfield code="d">2023-10-09</subfield>
    <subfield code="l">0</subfield>
    <subfield code="o">006.696 V84v</subfield>
    <subfield code="p">BUP00995</subfield>
    <subfield code="r">2023-10-09 19:15:09</subfield>
    <subfield code="t">Ej.1</subfield>
    <subfield code="w">2023-10-09</subfield>
    <subfield code="y">BK</subfield>
  </datafield>
  <datafield tag="952" ind1=" " ind2=" ">
    <subfield code="0">0</subfield>
    <subfield code="1">0</subfield>
    <subfield code="2">ddc</subfield>
    <subfield code="4">0</subfield>
    <subfield code="7">0</subfield>
    <subfield code="8">GEN</subfield>
    <subfield code="a">MECABUYA</subfield>
    <subfield code="b">MECABUYA</subfield>
    <subfield code="c">GEN</subfield>
    <subfield code="d">2023-11-22</subfield>
    <subfield code="l">0</subfield>
    <subfield code="o">006.696 V84v</subfield>
    <subfield code="p">CAB000934</subfield>
    <subfield code="r">2023-11-22 22:12:19</subfield>
    <subfield code="t">Ej.1</subfield>
    <subfield code="w">2023-11-22</subfield>
    <subfield code="y">BK</subfield>
  </datafield>
  <datafield tag="952" ind1=" " ind2=" ">
    <subfield code="0">0</subfield>
    <subfield code="1">0</subfield>
    <subfield code="2">ddc</subfield>
    <subfield code="4">0</subfield>
    <subfield code="7">0</subfield>
    <subfield code="8">GEN</subfield>
    <subfield code="a">MEURIBE</subfield>
    <subfield code="b">MEURIBE</subfield>
    <subfield code="c">GEN</subfield>
    <subfield code="d">2024-02-27</subfield>
    <subfield code="l">0</subfield>
    <subfield code="o">006.696 V84v</subfield>
    <subfield code="p">URI00026</subfield>
    <subfield code="r">2024-02-27 16:51:07</subfield>
    <subfield code="t">Ej.1</subfield>
    <subfield code="w">2024-02-27</subfield>
    <subfield code="y">BK</subfield>
  </datafield>
  <datafield tag="952" ind1=" " ind2=" ">
    <subfield code="0">0</subfield>
    <subfield code="1">0</subfield>
    <subfield code="2">ddc</subfield>
    <subfield code="4">0</subfield>
    <subfield code="7">0</subfield>
    <subfield code="8">GEN</subfield>
    <subfield code="a">MECASARI</subfield>
    <subfield code="b">MECASARI</subfield>
    <subfield code="c">REF</subfield>
    <subfield code="d">2024-11-09</subfield>
    <subfield code="l">0</subfield>
    <subfield code="o">006.696-V84V</subfield>
    <subfield code="p">BM00295</subfield>
    <subfield code="r">2024-11-09 18:36:46</subfield>
    <subfield code="t">Ej.1</subfield>
    <subfield code="w">2024-11-09</subfield>
    <subfield code="y">BK</subfield>
  </datafield>
  <datafield tag="952" ind1=" " ind2=" ">
    <subfield code="0">0</subfield>
    <subfield code="1">0</subfield>
    <subfield code="4">0</subfield>
    <subfield code="7">0</subfield>
    <subfield code="8">001</subfield>
    <subfield code="a">MEVIGERR</subfield>
    <subfield code="b">MEVIGERR</subfield>
    <subfield code="c">GEN</subfield>
    <subfield code="d">2021-05-06</subfield>
    <subfield code="o">006.696 C62</subfield>
    <subfield code="p">ECA27863</subfield>
    <subfield code="r">2024-11-26 08:55:09</subfield>
    <subfield code="t">Ej.1</subfield>
    <subfield code="w">2024-11-26</subfield>
    <subfield code="y">BK</subfield>
    <subfield code="z">20774 | 26827</subfield>
  </datafield>
  <datafield tag="952" ind1=" " ind2=" ">
    <subfield code="0">0</subfield>
    <subfield code="1">0</subfield>
    <subfield code="2">ddc</subfield>
    <subfield code="4">0</subfield>
    <subfield code="7">0</subfield>
    <subfield code="8">GEN</subfield>
    <subfield code="a">MESGUARO</subfield>
    <subfield code="b">MESGUARO</subfield>
    <subfield code="c">GEN</subfield>
    <subfield code="d">2025-02-26</subfield>
    <subfield code="l">0</subfield>
    <subfield code="o">006.696  V84</subfield>
    <subfield code="p">SG02458</subfield>
    <subfield code="r">2025-02-26 09:33:26</subfield>
    <subfield code="t">Ej.1</subfield>
    <subfield code="w">2025-02-26</subfield>
    <subfield code="y">BK</subfield>
  </datafield>
  <datafield tag="952" ind1=" " ind2=" ">
    <subfield code="0">0</subfield>
    <subfield code="1">0</subfield>
    <subfield code="2">ddc</subfield>
    <subfield code="4">0</subfield>
    <subfield code="7">0</subfield>
    <subfield code="8">GEN</subfield>
    <subfield code="a">MEPLOPEZ</subfield>
    <subfield code="b">MEPLOPEZ</subfield>
    <subfield code="c">GEN</subfield>
    <subfield code="d">2025-04-07</subfield>
    <subfield code="l">0</subfield>
    <subfield code="o">006.696  V84</subfield>
    <subfield code="p">PLZ00115</subfield>
    <subfield code="r">2025-04-07 16:51:49</subfield>
    <subfield code="t">Ej.1</subfield>
    <subfield code="w">2025-04-07</subfield>
    <subfield code="y">BK</subfield>
  </datafield>
  <datafield tag="952" ind1=" " ind2=" ">
    <subfield code="0">0</subfield>
    <subfield code="1">0</subfield>
    <subfield code="2">ddc</subfield>
    <subfield code="4">0</subfield>
    <subfield code="7">0</subfield>
    <subfield code="8">GEN</subfield>
    <subfield code="a">MERESTRE</subfield>
    <subfield code="b">MERESTRE</subfield>
    <subfield code="c">GEN</subfield>
    <subfield code="d">2025-05-19</subfield>
    <subfield code="l">0</subfield>
    <subfield code="o">006.696  V84</subfield>
    <subfield code="p">RES00014</subfield>
    <subfield code="r">2025-05-19 15:09:52</subfield>
    <subfield code="t">Ej.1</subfield>
    <subfield code="w">2025-05-19</subfield>
    <subfield code="y">BK</subfield>
  </datafield>
  <datafield tag="952" ind1=" " ind2=" ">
    <subfield code="0">0</subfield>
    <subfield code="1">0</subfield>
    <subfield code="2">ddc</subfield>
    <subfield code="4">0</subfield>
    <subfield code="7">0</subfield>
    <subfield code="a">MEVHERMO</subfield>
    <subfield code="b">MEVHERMO</subfield>
    <subfield code="d">2025-05-23</subfield>
    <subfield code="k">006.696</subfield>
    <subfield code="l">0</subfield>
    <subfield code="o">006.696  V84</subfield>
    <subfield code="p">VIST   0002213</subfield>
    <subfield code="r">2025-05-23 16:03:20</subfield>
    <subfield code="t">Ej.1</subfield>
    <subfield code="w">2025-05-23</subfield>
    <subfield code="y">BK</subfield>
  </datafield>
  <datafield tag="952" ind1=" " ind2=" ">
    <subfield code="0">0</subfield>
    <subfield code="1">0</subfield>
    <subfield code="2">ddc</subfield>
    <subfield code="4">0</subfield>
    <subfield code="7">0</subfield>
    <subfield code="8">GEN</subfield>
    <subfield code="a">MEMACYARI</subfield>
    <subfield code="b">MEMACYARI</subfield>
    <subfield code="c">GEN</subfield>
    <subfield code="d">2025-06-12</subfield>
    <subfield code="e">ministerio de cultura</subfield>
    <subfield code="f">9789588421810</subfield>
    <subfield code="l">0</subfield>
    <subfield code="o">006.696  V84</subfield>
    <subfield code="p">9789588421810</subfield>
    <subfield code="r">2025-07-10 10:45:11</subfield>
    <subfield code="t">Ej.1</subfield>
    <subfield code="w">2025-07-10</subfield>
    <subfield code="y">BK</subfield>
  </datafield>
  <datafield tag="952" ind1=" " ind2=" ">
    <subfield code="0">0</subfield>
    <subfield code="1">0</subfield>
    <subfield code="2">ddc</subfield>
    <subfield code="4">0</subfield>
    <subfield code="7">0</subfield>
    <subfield code="a">MECUMARA</subfield>
    <subfield code="b">MECUMARA</subfield>
    <subfield code="c">GEN</subfield>
    <subfield code="d">2025-08-04</subfield>
    <subfield code="f">SALA GENERAL 1A</subfield>
    <subfield code="l">0</subfield>
    <subfield code="o">006.696  V84v</subfield>
    <subfield code="p">MECUM00038</subfield>
    <subfield code="r">2025-08-04 21:49:00</subfield>
    <subfield code="t">Ej.1</subfield>
    <subfield code="w">2025-08-04</subfield>
    <subfield code="y">BK</subfield>
  </datafield>
</record>
